000 00975nam a22002417a 4500
003 0
005 20251020111034.0
008 251020b xxu||||| |||| 00| 0 eng d
020 _a978-971-27-3421-2
050 _aTX 773
_b.G85 2018
110 _aMaya Kitchen Culinary Arts Center,
_eauthor.
245 _aGuilt - free desserts :
_bhealthier dessert recipes for guiltless indulging /
_cThe Maya Kitchen Culinary Arts Center.
260 _aMandaluyong City :
_bAnvil Publishing Inc.,
_c2018.
300 _a93 pages :
_billustrations ;
_c23 cm.
500 _aIncludes acknowledgements, healthy substitute for common ingredients, table of ingredient weights per measurement, glossary, and recipe index.
504 _aIncludes bibliography.
650 _aDesserts
_zPhilippines.
650 _aDesserts
_xRecipes.
650 _aCooking
_xHealth aspects.
710 _aMaya Kitchen Culinary Arts Center.
710 _aAnvil Publishing, Inc.,
_epublisher.
942 _2lcc
_cBK
999 _c368284
_d368284